[Event "TCh-RUS Blitz 2015"]
[Site "Sochi RUS"]
[Date "2015.05.10"]
[Round "3.33"]
[White "Smirnov, Alexey"]
[Black "Nazaretyan, Tigran"]
[Result "1-0"]
[WhiteElo "2453"]
[BlackElo "2249"]
[WhiteTeam "BOC Russian Federation (Smolensk region)"]
[BlackTeam "Caucasus (Vladikavkaz)"]
[WhiteFideId "4168437"]
[BlackFideId "24162345"]
[EventDate "2015.05.10"]

1. d4 Nf6 2. c4 e6 3. Nc3 Bb4 4. Qc2 c5 5. dxc5 O-O 6. a3 Bxc5 7. Nf3 a6 8. Bf4
b5 9. cxb5 axb5 10. Nxb5 Qa5+ 11. Nc3 d5 12. e3 Ba6 13. Bxa6 Qxa6 14. Qe2 Nh5
15. Bg3 Nc6 16. Qxa6 Rxa6 17. O-O Nxg3 18. hxg3 Be7 19. Rfc1 Na5 20. Rc2 Nb3 21.
Rd1 Rc8 22. Nd4 Nxd4 23. Rxd4 Bf6 24. Rd3 Rac6 25. Kf1 Rc5 26. g4 e5 27. Rcd2 d4
28. Ne4 Rc1+ 29. Ke2 dxe3 30. Nxf6+ gxf6 31. Kxe3 R8c4 32. f3 Kg7 33. b3 Rc8 34.
a4 Ra1 35. Rd6 Rc3+ 36. R2d3 Rc2 37. Rd2 Rc3+ 38. R6d3 Rcc1 39. Kf2 Kg6 40. Re2
h5 41. gxh5+ Kxh5 42. Kg3 Kg5 43. Re4 Rc2 44. Rg4+ Kf5 45. Kh2 Ke6 46. Re3 f5
47. Rb4 Raa2 48. Rb6+ Kd5 49. Rd3+ Kc5 50. Rb5+ Kc6 51. Rxe5 Rxg2+ 52. Kh3 f4
53. Re4 Rg6 54. Rxf4 f6 55. Rg4 Rh6+ 56. Kg3 Rah2 57. Kf4 Rb2 58. Rc3+ Kd5 59.
Ke3 f5 60. Rd4+ Ke6 61. Rc6+ Kf7 62. Rxh6 Rxb3+ 63. Kf4 Ra3 64. Rd7+ Ke8 65. Ra7 1-0

[Event "TCh-RUS Blitz 2015"]
[Site "Sochi RUS"]
[Date "2015.05.10"]
[Round "3.34"]
[White "Pavlov, Oleg"]
[Black "Pakhomov, Alexey"]
[Result "1-0"]
[WhiteTitle "FM"]
[BlackTitle "IM"]
[WhiteElo "2206"]
[BlackElo "2356"]
[WhiteTeam "Caucasus (Vladikavkaz)"]
[BlackTeam "BOC Russian Federation (Smolensk region)"]
[WhiteFideId "4149297"]
[BlackFideId "4129016"]
[EventDate "2015.05.10"]

1. Nf3 d5 2. d4 c6 3. c4 e6 4. Nc3 f5 5. Bf4 Nf6 6. e3 Be7 7. Qc2 Qa5 8. Bd3 Ne4
9. g4 O-O 10. gxf5 exf5 11. O-O Nxc3 12. bxc3 Be6 13. c5 Nd7 14. Kh1 b6 15. cxb6
axb6 16. Rg1 Qa4 17. Qe2 Qa3 18. c4 Qa4 19. Ne5 dxc4 20. Bc2 Qb5 21. Qh5 Qd5+
22. e4 fxe4 23. Rxg7+ Kxg7 24. Rg1+ Kh8 25. Ng6+ Kg7 26. Nxe7+ Kh8 27. Nxd5 Bxd5
28. Be5+ Nf6 29. f3 Rxa2 30. Qg5 1-0

[Event "TCh-RUS Blitz 2015"]
[Site "Sochi RUS"]
[Date "2015.05.10"]
[Round "3.35"]
[White "Draganov, Ruslan"]
[Black "Basiev, V P"]
[Result "1-0"]
[WhiteTitle "FM"]
[WhiteElo "2195"]
[BlackElo "2012"]
[WhiteTeam "BOC Russian Federation (Smolensk region)"]
[BlackTeam "Caucasus (Vladikavkaz)"]
[WhiteFideId "4108736"]
[BlackFideId "4160355"]
[EventDate "2015.05.10"]

1. e4 c5 2. Nf3 d6 3. d4 cxd4 4. Nxd4 Nf6 5. Nc3 g6 6. Be2 Bg7 7. Be3 O-O 8. O-O
Nc6 9. Kh1 Nxd4 10. Bxd4 Be6 11. f4 Qd7 12. Bd3 Rac8 13. f5 Bc4 14. Qf3 b5 15.
Ne2 Bxd3 16. cxd3 Rc2 17. h4 Rfc8 18. Ng3 b4 19. b3 Rd2 20. Rfd1 Rcc2 21. Rxd2
Rxd2 22. a3 a5 23. axb4 axb4 24. Ra8+ Ne8 25. f6 e5 26. Bb6 Bh6 27. h5 Rc2 28.
hxg6 hxg6 29. Ba5 Rc8 30. Rxc8 Qxc8 31. Bxb4 Bg5 32. Qf2 Qe6 33. Qb6 Bxf6 34.
Qb8 Kg7 35. Be1 Qg4 36. Qb4 Bh4 37. Nf1 Qh5 38. Kg1 Bg5 39. Qc3 Nf6 40. Bg3 Ng4
41. b4 Ne3 42. Qe1 Nc2 43. Qc3 Ne3 44. Qe1 Ng4 45. b5 Qh8 46. b6 Qb8 47. Qb4 Bd8
48. b7 Nf6 49. Bh4 Nd7 50. Bxd8 Qxd8 51. Ne3 Qb8 52. Nc4 Nc5 53. Na5 Nxd3 54.
Qb6 Nc5 55. Kf1 g5 56. Qc6 Qa7 57. Qc8 Qa6+ 58. Kg1 Nxb7 59. Nxb7 Qa1+ 60. Kh2
Qe1 61. Qg4 f6 62. Nxd6 Qd2 63. Nf5+ Kf8 64. Qg3 Qc1 65. Qf2 Qd1 66. Qc5+ Kg8
67. Qc8+ Kf7 68. Qd7+ Kg6 69. Qg7+ Kh5 70. Qh7+ Kg4 71. Qh3+ Kf4 72. Qe3+ Kg4
73. Nh6+ Kh5 74. Qh3+ Kg6 1-0

[Event "TCh-RUS Blitz 2015"]
[Site "Sochi RUS"]
[Date "2015.05.10"]
[Round "4.2"]
[White "Jobava, Baadur"]
[Black "Artemiev, Vladislav"]
[Result "1/2-1/2"]
[WhiteTitle "GM"]
[BlackTitle "GM"]
[WhiteElo "2699"]
[BlackElo "2671"]
[WhiteTeam "University (Belorechensk)"]
[BlackTeam "Rook (Kazan)"]
[WhiteFideId "13601520"]
[BlackFideId "24101605"]
[EventDate "2015.05.10"]

1. b3 d5 2. Bb2 Bg4 3. f3 Bf5 4. e4 dxe4 5. Nc3 Nf6 6. Qe2 exf3 7. Nxf3 c6 8.
O-O-O e6 9. h3 Qa5 10. g4 Bg6 11. Kb1 Nbd7 12. Rg1 Bc5 13. Rg2 Ba3 14. Bxa3 Qxa3
15. h4 h5 16. g5 Nd5 17. Nxd5 cxd5 18. Qb5 a6 19. Qxb7 Rb8 20. Qc6 Rxb3+ 21.
axb3 Qxb3+ 22. Kc1 Qa3+ 23. Kb1 Qb3+ 24. Kc1 Qa3+ 25. Kb1 Ke7 26. Bb5 Qb4+ 27.
Kc1 axb5 28. Qc3 Qxc3 29. dxc3 Rc8 30. Nd4 Rxc3 31. Nxb5 Rc4 32. Rd4 Rc5 33. Na3
Ra5 34. Kb2 Ne5 35. Rb4 Ra7 36. Nb5 Rb7 37. Kc1 Rc7 1/2-1/2

[Event "TCh-RUS Blitz 2015"]
[Site "Sochi RUS"]
[Date "2015.05.10"]
[Round "4.3"]
[White "Timofeev, Artyom"]
[Black "Alekseev, Evgeny"]
[Result "0-1"]
[WhiteTitle "GM"]
[BlackTitle "GM"]
[WhiteElo "2534"]
[BlackElo "2653"]
[WhiteTeam "Rook (Kazan)"]
[BlackTeam "University (Belorechensk)"]
[WhiteFideId "4140419"]
[BlackFideId "4138147"]
[EventDate "2015.05.10"]

1. c4 c5 2. Nf3 Nc6 3. Nc3 g6 4. e3 Nf6 5. d4 cxd4 6. exd4 d5 7. cxd5 Nxd5 8.
Qb3 e6 9. Bb5 Bg7 10. Bg5 Qb6 11. Nxd5 exd5 12. Bxc6+ bxc6 13. Qa3 f6 14. Bd2
Kf7 15. O-O Re8 16. Rfc1 Bd7 17. Bf4 Re2 18. b3 Re4 19. Bd6 Qb7 20. Qa5 Rae8 21.
h3 g5 22. Qd2 h5 23. Qd3 Bf5 24. Kh2 Qd7 25. Bc5 Re2 26. Qa6 Rxf2 27. Rf1 Ree2
28. Rxf2 Rxf2 29. Qxa7 Qxa7 30. Bxa7 Be4 31. Kg1 Rb2 32. a4 g4 33. hxg4 hxg4 34.
Ne1 g3 35. a5 Bh6 36. Bb8 Be3+ 37. Kh1 Bf2 38. a6 Bxe1 39. Rxe1 Bxg2+ 40. Kg1
Be4 41. Ra1 Rh2 42. Bxg3 Rh1+ 43. Kf2 Rxa1 0-1

[Event "TCh-RUS Blitz 2015"]
[Site "Sochi RUS"]
[Date "2015.05.10"]
[Round "4.4"]
[White "Tregubov, Pavel V."]
[Black "Yandemirov, Valeri"]
[Result "1/2-1/2"]
[WhiteTitle "GM"]
[BlackTitle "GM"]
[WhiteElo "2571"]
[BlackElo "2394"]
[WhiteTeam "University (Belorechensk)"]
[BlackTeam "Rook (Kazan)"]
[WhiteFideId "4115341"]
[BlackFideId "4102622"]
[EventDate "2015.05.10"]

1. d4 Nf6 2. c4 g6 3. g3 c6 4. Bg2 d5 5. Nf3 Bg7 6. Qb3 O-O 7. O-O Qb6 8. Nc3
Be6 9. c5 Qxb3 10. axb3 Nbd7 11. b4 a6 12. Nd2 Ne8 13. Nb3 Nc7 14. Bf4 Nb5 15.
Nxb5 axb5 16. e3 Bf5 17. Na5 e5 18. dxe5 Nxe5 19. Nxb7 Nd3 20. Nd6 Nxb4 21. Nxf5
gxf5 22. Bh3 Nd3 23. Bd6 Nxb2 24. Bxf8 Rxf8 25. Bxf5 Na4 26. Rac1 Rd8 27. f4 Bf8
28. Kf2 Bxc5 29. Kf3 b4 30. Rxc5 Nxc5 31. Rc1 Ne4 32. Rxc6 Rb8 33. Bxe4 dxe4+
34. Kxe4 b3 35. Rc1 b2 36. Rb1 Rb3 37. Kd4 f5 38. e4 Rb4+ 39. Kc5 Rxe4 40. Rxb2
Kg7 41. Kd5 Re1 42. Rb7+ Kg6 43. Rb6+ Kg7 44. Re6 Rh1 45. Ke5 Rxh2 46. Kxf5 Rh5+
47. Ke4 Ra5 48. g4 Ra4+ 49. Kf5 Ra5+ 50. Re5 Ra7 51. Rb5 Rc7 52. Kg5 Ra7 53. f5
Rc7 54. Rb6 Ra7 55. Rb1 Rc7 56. Rb8 Ra7 57. Kh5 Ra1 58. Rb7+ Kf6 59. Rb6+ Kg7
60. Kg5 Ra7 61. Rb5 Rc7 62. Re5 Ra7 63. Re6 Rb7 64. Re1 Ra7 65. Rh1 Ra6 66. f6+
Kg8 67. Rf1 Kf7 68. Rf5 Rb6 69. Rf4 Ra6 70. Rf5 Rb6 71. Kh6 Rxf6+ 72. Rxf6+ Kxf6 1/2-1/2

[Event "TCh-RUS Blitz 2015"]
[Site "Sochi RUS"]
[Date "2015.05.10"]
[Round "4.5"]
[White "Nepomniachtchi, Ian"]
[Black "Yudin, Sergei"]
[Result "1-0"]
[WhiteTitle "GM"]
[BlackTitle "GM"]
[WhiteElo "2728"]
[BlackElo "2524"]
[WhiteTeam "Our Heritage SHSM-1 (Moscow)"]
[BlackTeam "Polytechnic (Nizhny Tagil)"]
[WhiteFideId "4168119"]
[BlackFideId "4159659"]
[EventDate "2015.05.10"]

1. e4 d6 2. d4 Nf6 3. Nc3 e5 4. Nf3 Nbd7 5. Bc4 Be7 6. O-O O-O 7. Re1 a6 8. a4
b6 9. Nd5 Bb7 10. Nxe7+ Qxe7 11. Bd3 Rfe8 12. c3 Nf8 13. d5 a5 14. b4 Bc8 15.
bxa5 Rxa5 16. Ba3 Ng6 17. Bb4 Ra8 18. Nd2 Nf4 19. Bf1 Ba6 20. c4 Nd7 21. a5 bxa5
22. Rxa5 Bb7 23. g3 Ng6 24. Nb3 Reb8 25. Qd2 h6 26. Rea1 Nf6 27. f3 Rxa5 28.
Rxa5 Bc8 29. c5 dxc5 30. Nxc5 Qd8 31. Ra7 Ne8 32. Qc3 h5 33. h4 Kh7 34. Nd3 Qf6
35. Nf2 Bd7 36. Ra3 Bb5 37. Bh3 Be2 38. Bg2 Qb6 39. Bc5 Qb1+ 40. Kh2 Qb5 41. Nh3
f6 42. Ra1 Qb3 43. Rc1 Qxc3 44. Rxc3 Rb2 45. Nf2 Nd6 46. Ba3 Ra2 47. Bc1 Nb5 48.
Re3 Nd4 49. Kg1 Ra1 50. Rc3 Bxf3 51. Bxf3 Nxf3+ 52. Kg2 Nd4 53. Rxc7 Nf8 54. Bd2
Ra2 55. Bb4 Ng6 56. d6 Nf8 57. d7 Nxd7 58. Rxd7 Nc2 59. Bf8 Kg8 60. Bxg7 Ra6 61.
Bh6 1-0

[Event "TCh-RUS Blitz 2015"]
[Site "Sochi RUS"]
[Date "2015.05.10"]
[Round "4.6"]
[White "Goganov, Aleksey"]
[Black "Najer, Evgeniy"]
[Result "1-0"]
[WhiteTitle "GM"]
[BlackTitle "GM"]
[WhiteElo "2609"]
[BlackElo "2663"]
[WhiteTeam "Polytechnic (Nizhny Tagil)"]
[BlackTeam "Our Heritage SHSM-1 (Moscow)"]
[WhiteFideId "24109959"]
[BlackFideId "4118987"]
[EventDate "2015.05.10"]

1. Nf3 d5 2. g3 g6 3. Bg2 Bg7 4. d4 Nf6 5. O-O O-O 6. Nbd2 c6 7. c4 Ne4 8. b3
Nxd2 9. Qxd2 dxc4 10. bxc4 c5 11. Bb2 cxd4 12. Nxd4 Nc6 13. Rfd1 Nxd4 14. Bxd4
Qc7 15. Bxg7 Kxg7 16. Qd4+ e5 17. Qd6 Qxd6 18. Rxd6 Rb8 19. Bd5 Re8 20. Rb1 Be6
21. Bxe6 Rxe6 22. Rxe6 fxe6 23. Rb5 Kf6 24. f3 e4 25. f4 Rc8 26. Rxb7 Rxc4 27.
Rxa7 h5 28. Kf2 Rc3 29. a4 Ra3 30. a5 e5 31. Ra6+ Kf5 32. fxe5 g5 33. e6 Kf6 34.
h3 Ke7 35. Ra8 Kxe6 36. a6 Kf6 37. a7 Kg7 38. Ke1 Ra2 39. Kd1 e3 40. Kc1 Ra6 41.
Kb2 Ra5 42. Kc3 Ra1 43. Kd4 Ra3 44. Ke4 Kh7 45. Kf5 Ra5+ 46. Kf6 g4 47. hxg4
hxg4 48. Re8 Ra6+ 49. Re6 Rxa7 50. Re7+ Rxe7 51. Kxe7 Kg6 52. Ke6 Kg5 53. Ke5
Kg6 54. Kf4 Kf6 55. Kxg4 Ke5 56. Kf3 Kd4 57. Kf4 1-0

[Event "TCh-RUS Blitz 2015"]
[Site "Sochi RUS"]
[Date "2015.05.10"]
[Round "4.7"]
[White "Grachev, Boris"]
[Black "Krutko, Anatoly"]
[Result "1-0"]
[WhiteTitle "GM"]
[BlackTitle "FM"]
[WhiteElo "2666"]
[BlackElo "2397"]
[WhiteTeam "Our Heritage SHSM-1 (Moscow)"]
[BlackTeam "Polytechnic (Nizhny Tagil)"]
[WhiteFideId "4129199"]
[BlackFideId "4185862"]
[EventDate "2015.05.10"]

1. d4 Nf6 2. Nf3 g6 3. Bf4 Bg7 4. e3 d6 5. h3 O-O 6. Be2 c5 7. c3 Nc6 8. dxc5
dxc5 9. Nbd2 Bf5 10. O-O Ne4 11. Nxe4 Bxe4 12. Qb3 Na5 13. Qa4 Bc6 14. Qc2 b6
15. Rad1 Qc8 16. Ne5 Bb7 17. Nc4 Nxc4 18. Bxc4 Bc6 19. Bd5 Rd8 20. Be4 Qe6 21.
Bxc6 Qxc6 22. Rxd8+ Rxd8 23. Rd1 Rd7 24. Rd2 Kf8 25. Qd1 Ke8 26. Rxd7 Qxd7 27.
Qf3 Qc8 28. Bg3 h5 29. a4 e6 30. Bd6 a6 31. Qe4 Bf8 32. Be5 Be7 33. c4 Kd7 34.
Qd3+ Ke8 35. Qe4 Kd7 36. Qf3 Ke8 37. b3 f5 38. g4 hxg4 39. hxg4 Kf7 40. Qh1 Qd7
41. Qh7+ Ke8 42. Qxg6+ Kd8 43. Qg8+ Qe8 44. Bc7+ Kd7 45. Qxe8+ Kxe8 46. gxf5
exf5 47. Bxb6 Kd7 48. Kg2 Kc6 49. Ba5 Bd6 50. Kf3 Kd7 51. e4 Ke6 52. Ke3 Be5 53.
exf5+ Kxf5 54. Kf3 Bd6 55. Bd2 Be7 56. Be3 Bd6 57. Ke2 Ke4 58. f3+ Kf5 59. Kd3
Be7 60. Ke2 Bd6 61. Bg1 Be7 62. Bh2 Bf8 63. Bc7 Be7 64. Kf2 Bh4+ 65. Kg2 Be7 66.
Kg3 Kg5 67. Kf2 Kf5 68. Ke2 Bf8 69. Kd3 Be7 70. Ke3 Bg5+ 71. Kd3 Be7 72. Bg3 Bf8
73. Bf2 Be7 74. Be3 Bf8 75. b4 cxb4 76. c5 Ke5 77. Kc4 a5 78. Bg5 Kf5 79. Bd8 b3 1-0

[Event "TCh-RUS Blitz 2015"]
[Site "Sochi RUS"]
[Date "2015.05.10"]
[Round "4.8"]
[White "Vokarev, Sergey"]
[Black "Dubov, Daniil"]
[Result "1/2-1/2"]
[WhiteTitle "GM"]
[BlackTitle "GM"]
[WhiteElo "2456"]
[BlackElo "2659"]
[WhiteTeam "Polytechnic (Nizhny Tagil)"]
[BlackTeam "Our Heritage SHSM-1 (Moscow)"]
[WhiteFideId "4119711"]
[BlackFideId "24126055"]
[EventDate "2015.05.10"]

1. e4 c5 2. Nf3 e6 3. b3 d6 4. Bb2 Nf6 5. Bb5+ Bd7 6. Qe2 Nc6 7. e5 dxe5 8. Nxe5
Nxe5 9. Bxe5 Be7 10. O-O O-O 11. Bxd7 Nxd7 12. Bb2 Bf6 13. Bxf6 Nxf6 14. Nc3 Qd4
15. Rfe1 Rfd8 16. Rad1 Qd6 17. Ne4 Nxe4 18. Qxe4 Qa6 19. a4 Rd4 20. Qe5 Qc6 21.
d3 Rad8 22. Ra1 h6 23. Re3 R8d5 24. Qb8+ Kh7 25. Rae1 Rf5 26. Re4 Rg5 27. f3 a6
28. Qf4 Rf5 29. Rxd4 cxd4 30. Qd2 Rc5 31. Re2 Rc3 32. h3 f6 33. Qd1 e5 34. Qd2
b5 35. axb5 axb5 36. f4 Qc5 37. fxe5 fxe5 38. Rf2 Qc6 39. Qe2 Qd5 40. Qe1 Rc6
41. Re2 Rg6 42. Qf2 Rf6 43. Qe1 Rf5 44. Rf2 Rf4 45. Re2 Rf5 46. Rf2 1/2-1/2

[Event "TCh-RUS Blitz 2015"]
[Site "Sochi RUS"]
[Date "2015.05.10"]
[Round "4.9"]
[White "Korobov, Anton"]
[Black "Potapov, Pavel"]
[Result "0-1"]
[WhiteTitle "GM"]
[BlackTitle "IM"]
[WhiteElo "2708"]
[BlackElo "2477"]
[WhiteTeam "Sibir (Novosibirsk)"]
[BlackTeam "Yamal (YaNAO)"]
[WhiteFideId "14105730"]
[BlackFideId "4169786"]
[EventDate "2015.05.10"]

1. d4 d5 2. c4 e5 3. e4 dxe4 4. d5 Nf6 5. Nc3 Nbd7 6. Qc2 Nc5 7. Be3 Bf5 8.
O-O-O Nd3+ 9. Rxd3 exd3 10. Bxd3 Bxd3 11. Qxd3 Bb4 12. Nge2 O-O 13. a3 Be7 14.
h3 c6 15. Rd1 cxd5 16. cxd5 Bd6 17. g4 Rc8 18. Kb1 Qa5 19. g5 Nd7 20. Ne4 Be7
21. h4 Qa6 22. Qxa6 bxa6 23. Bxa7 Nc5 24. d6 Nxe4 25. dxe7 Rfe8 26. Rd7 f5 27.
f3 Nc5 28. Rd5 Nb3 29. Rxe5 Rc7 30. Nd4 Nd2+ 31. Ka2 Rxa7 32. Nxf5 g6 33. Nh6+
Kg7 34. f4 Raxe7 35. Rd5 Nc4 36. f5 Rb7 37. f6+ Kf8 38. b4 a5 39. Kb3 Nb6 40.
Rxa5 Rc7 41. Rb5 Re3+ 42. Ka2 Re2+ 43. Kb3 Re3+ 44. Ka2 Rc2+ 45. Kb1 Rg2 46. Rc5
Re1+ 47. Rc1 Rxc1+ 48. Kxc1 Nc4 49. a4 Ra2 50. a5 Nd6 51. Ng4 Ra4 0-1

[Event "TCh-RUS Blitz 2015"]
[Site "Sochi RUS"]
[Date "2015.05.10"]
[Round "4.10"]
[White "Belyakov, Bogdan"]
[Black "Bocharov, Dmitry"]
[Result "0-1"]
[WhiteTitle "IM"]
[BlackTitle "GM"]
[WhiteElo "2478"]
[BlackElo "2577"]
[WhiteTeam "Yamal (YaNAO)"]
[BlackTeam "Sibir (Novosibirsk)"]
[WhiteFideId "24104795"]
[BlackFideId "4138716"]
[EventDate "2015.05.10"]

1. e4 g6 2. d4 Bg7 3. Nf3 d6 4. h3 Nf6 5. Nc3 a6 6. a4 b6 7. Be3 Bb7 8. d5 c6 9.
Qd2 cxd5 10. exd5 Nbd7 11. Be2 Rc8 12. O-O O-O 13. Rfe1 Re8 14. Rad1 Qc7 15. Bh6
Bh8 16. Qg5 Nc5 17. Qh4 Qd8 18. Ng5 Ncd7 19. f4 Rxc3 20. bxc3 Bxd5 21. Bxa6 Qa8
22. Bb5 Bxg2 23. Rd2 Bc6 24. Bc4 d5 25. Bd3 Qxa4 26. Qf2 Nc5 27. Rde2 Nce4 28.
Bxe4 Nxe4 29. Nxe4 dxe4 30. Re3 Qc4 31. Qd2 Bd5 32. f5 Be5 33. fxg6 hxg6 34. Qf2 0-1

[Event "TCh-RUS Blitz 2015"]
[Site "Sochi RUS"]
[Date "2015.05.10"]
[Round "4.11"]
[White "Kokarev, Dmitry"]
[Black "Goryachkina, Aleksandra"]
[Result "1-0"]
[WhiteTitle "GM"]
[BlackTitle "WGM"]
[WhiteElo "2635"]
[BlackElo "2474"]
[WhiteTeam "Sibir (Novosibirsk)"]
[BlackTeam "Yamal (YaNAO)"]
[WhiteFideId "4132181"]
[BlackFideId "4147103"]
[EventDate "2015.05.10"]

1. e4 c6 2. Nc3 d5 3. Qe2 d4 4. Nd1 e5 5. g3 Bd6 6. d3 Ne7 7. f4 exf4 8. gxf4
Ng6 9. Qf2 c5 10. h4 h5 11. Bg2 Nc6 12. a3 Bg4 13. Bd2 Be7 14. Nf3 Bxf3 15. Qxf3
Nxh4 16. Qf2 Nxg2+ 17. Qxg2 g6 18. Nf2 Qb6 19. O-O-O O-O-O 20. f5 gxf5 21. Qh3
Ne5 22. Qxf5+ Qe6 23. Rxh5 Rxh5 24. Qxh5 Qa2 25. Bf4 Ng6 26. Bg3 Rh8 27. Qf5+
Qe6 28. Ng4 Qxf5 29. exf5 Nf8 30. Re1 Bg5+ 31. Kb1 Nd7 32. b4 cxb4 33. axb4 Rg8
34. Re4 Bf6 35. Bf2 Rg5 36. Re8+ Kc7 37. Nxf6 Nxf6 38. Re7+ 1-0

[Event "TCh-RUS Blitz 2015"]
[Site "Sochi RUS"]
[Date "2015.05.10"]
[Round "4.12"]
[White "Sergeyev, Alexander"]
[Black "Maletin, Pavel"]
[Result "1-0"]
[WhiteTitle "FM"]
[BlackTitle "GM"]
[WhiteElo "2380"]
[BlackElo "2587"]
[WhiteTeam "Yamal (YaNAO)"]
[BlackTeam "Sibir (Novosibirsk)"]
[WhiteFideId "13702076"]
[BlackFideId "4146786"]
[EventDate "2015.05.10"]

1. e4 c5 2. Nc3 Nc6 3. Bb5 Nd4 4. Nge2 e6 5. Nxd4 cxd4 6. Ne2 Qg5 7. Bd3 Qxg2 8.
Rg1 Qxh2 9. c3 Ne7 10. cxd4 Ng6 11. e5 Nf4 12. Be4 Nh3 13. Rf1 d5 14. exd6 Bxd6
15. d3 O-O 16. Be3 Bb4+ 17. Nc3 Nf4 18. Rh1 Ng2+ 19. Ke2 Nxe3 20. Kxe3 Qd6 21.
Bxh7+ Kh8 22. Be4+ Kg8 23. Rh8+ 1-0

[Event "TCh-RUS Blitz 2015"]
[Site "Sochi RUS"]
[Date "2015.05.10"]
[Round "4.13"]
[White "Reshetnikov, Alexey"]
[Black "Zvjaginsev, Vadim"]
[Result "0-1"]
[WhiteTitle "IM"]
[BlackTitle "GM"]
[WhiteElo "2498"]
[BlackElo "2660"]
[WhiteTeam "Our heritage junior (Moscow)"]
[BlackTeam "SHSM-Our Heritage-2 (Moscow)"]
[WhiteFideId "4162080"]
[BlackFideId "4113403"]
[EventDate "2015.05.10"]

1. Nf3 d5 2. d4 Nf6 3. c4 e6 4. Nc3 Nbd7 5. Bg5 Be7 6. e3 h6 7. Bh4 O-O 8. Rc1
a6 9. cxd5 exd5 10. Bd3 c6 11. O-O Re8 12. Nd2 Nf8 13. Rb1 Ng6 14. Bg3 Bd6 15.
b4 Bxg3 16. hxg3 Ng4 17. Qc2 Qg5 18. Nf3 Qh5 19. Ne2 Re6 20. a4 Rf6 21. Bxg6
fxg6 22. Nf4 Qf5 23. Qxf5 Bxf5 24. Rb3 g5 25. Nd3 Bxd3 26. Rxd3 Raf8 27. Rb1
Nxf2 28. Kxf2 g4 29. b5 axb5 30. axb5 gxf3 31. bxc6 bxc6 32. Rc1 fxg2+ 33. Kxg2
Re6 34. Rdc3 Rff6 35. Ra1 Kf7 36. Ra7+ Re7 37. Ra6 Ree6 38. Ra7+ Kg6 39. Rc7 h5
40. Kh3 Kh6 41. Rc8 Kg5 42. Rc7 g6 43. Rc8 Kf5 44. Kg2 Ke4 45. Rc7 Kf5 46. Kf3
Kg5+ 47. Kg2 Kg4 48. Rc8 g5 49. Rc7 Rf3 50. R7xc6 Rxg3+ 51. Kf2 Rgxe3 52. Rxe6
Rxe6 53. Rc5 Rd6 54. Rc3 h4 55. Re3 Kf4 56. Re5 g4 57. Re6 0-1

[Event "TCh-RUS Blitz 2015"]
[Site "Sochi RUS"]
[Date "2015.05.10"]
[Round "4.14"]
[White "Inarkiev, Ernesto"]
[Black "Vavulin, Maksim"]
[Result "1-0"]
[WhiteTitle "GM"]
[BlackTitle "IM"]
[WhiteElo "2664"]
[BlackElo "2442"]
[WhiteTeam "SHSM-Our Heritage-2 (Moscow)"]
[BlackTeam "Our heritage junior (Moscow)"]
[WhiteFideId "4162722"]
[BlackFideId "4169530"]
[EventDate "2015.05.10"]

1. d4 Nf6 2. c4 e6 3. Nf3 c5 4. d5 exd5 5. cxd5 g6 6. Nc3 d6 7. Bf4 a6 8. a4 Bg7
9. e4 O-O 10. Be2 Qe7 11. Nd2 Nbd7 12. O-O Rb8 13. Re1 Ne5 14. Be3 Ne8 15. f4
Nd7 16. Bf1 Nc7 17. a5 Nf6 18. h3 Rd8 19. Qf3 Nfe8 20. Nc4 Nb5 21. e5 Qc7 22.
Rad1 Bf5 23. Qf2 Nd4 24. Bxd4 cxd4 25. Rxd4 h5 26. Na4 Bd7 27. Nab6 Bb5 28. Rdd1
Bh8 29. Rc1 Qe7 30. Bd3 Qf8 31. Qg3 Bg7 32. e6 Qe7 33. exf7+ Qxf7 34. Bxg6 Qf6
35. Bxh5 Qd4+ 36. Kh1 Nf6 37. Bg6 Bxc4 38. Nxc4 Rbc8 39. b3 Qxd5 40. Rcd1 Qc5
41. Qe3 Qxe3 42. Rxe3 d5 43. Ne5 Rc5 44. b4 Rb5 45. Rb3 d4 46. Bd3 Rbd5 47. Bc4
Kh7 48. Bxd5 Rxd5 49. g4 Ne4 50. Kg2 Nd6 51. Kf3 Nb5 52. Nd3 Rd8 53. Re1 Rd7 54.
Rbb1 Nc3 55. Rbc1 Rf7 56. g5 Kg6 57. Kg4 Rc7 58. h4 Kf7 59. h5 1-0

[Event "TCh-RUS Blitz 2015"]
[Site "Sochi RUS"]
[Date "2015.05.10"]
[Round "4.15"]
[White "Savenkov, Konstantin"]
[Black "Popov, Ivan RUS"]
[Result "0-1"]
[WhiteTitle "FM"]
[BlackTitle "GM"]
[WhiteElo "2320"]
[BlackElo "2648"]
[WhiteTeam "Our heritage junior (Moscow)"]
[BlackTeam "SHSM-Our Heritage-2 (Moscow)"]
[WhiteFideId "4138600"]
[BlackFideId "4170350"]
[EventDate "2015.05.10"]

1. e4 c5 2. Nf3 e6 3. d3 Nc6 4. g3 d5 5. Nbd2 Nf6 6. Bg2 Be7 7. O-O b6 8. Re1
Bb7 9. c3 Qc7 10. Qc2 O-O 11. Nf1 dxe4 12. dxe4 Rad8 13. Bf4 Qc8 14. Rad1 Ba6
15. a3 h6 16. Ne5 Nxe5 17. Bxe5 Bb7 18. Ne3 Nd7 19. Bd6 Bxd6 20. Rxd6 Ne5 21.
Red1 Rxd6 22. Rxd6 Rd8 23. Qd2 Rxd6 24. Qxd6 f6 25. f4 Nf7 26. Qe7 Bc6 27. f5
exf5 28. Nxf5 Qd7 29. Bf1 Kh7 30. Qxd7 Bxd7 31. Ne3 Ne5 32. Kf2 Bc6 33. Nd5 Kg6
34. h3 Kf7 35. Ke3 Ke6 36. Nf4+ Ke7 37. Be2 g5 38. Nd3 Kd6 39. Nxe5 Kxe5 40. Bf3
Bd7 41. h4 gxh4 42. gxh4 Bc6 43. c4 Bb7 44. a4 a5 45. b3 Bc6 0-1

[Event "TCh-RUS Blitz 2015"]
[Site "Sochi RUS"]
[Date "2015.05.10"]
[Round "4.16"]
[White "Potkin, Vladimir"]
[Black "Shuvalova, Polina"]
[Result "1-0"]
[WhiteTitle "GM"]
[BlackTitle "WFM"]
[WhiteElo "2599"]
[BlackElo "2212"]
[WhiteTeam "SHSM-Our Heritage-2 (Moscow)"]
[BlackTeam "Our heritage junior (Moscow)"]
[WhiteFideId "4131061"]
[BlackFideId "24171760"]
[EventDate "2015.05.10"]

1. c4 Nf6 2. Nc3 g6 3. e4 d6 4. d4 Bg7 5. Nf3 O-O 6. Be2 e5 7. O-O Nc6 8. Be3
Ng4 9. Bg5 f6 10. Bh4 g5 11. Bg3 Nh6 12. dxe5 dxe5 13. Qc2 g4 14. Rad1 Qe7 15.
Nd5 Qf7 16. Nh4 Be6 17. f4 Nd4 18. Qd2 c6 19. Ne3 Rad8 20. Bd3 exf4 21. Bxf4 Qh5
22. Qe1 Rf7 23. c5 Bf8 24. b4 a5 25. a3 Rfd7 26. Bb1 axb4 27. axb4 Nb5 28. Rxd7
Rxd7 29. Nhf5 Nxf5 30. exf5 Bf7 31. Qg3 Nd4 32. Re1 Kh8 33. Qxg4 Qxg4 34. Nxg4
Kg7 35. Bh6+ Kg8 36. Nxf6+ 1-0

[Event "TCh-RUS Blitz 2015"]
[Site "Sochi RUS"]
[Date "2015.05.10"]
[Round "4.17"]
[White "Sjugirov, Sanan"]
[Black "Smirnov, Alexey"]
[Result "1-0"]
[WhiteTitle "GM"]
[WhiteElo "2670"]
[BlackElo "2453"]
[WhiteTeam "Lada (Samara region)"]
[BlackTeam "BOC Russian Federation (Smolensk region)"]
[WhiteFideId "4189302"]
[BlackFideId "4168437"]
[EventDate "2015.05.10"]

1. d4 Nf6 2. c4 e6 3. Nf3 b6 4. g3 Ba6 5. Qc2 Bb7 6. Bg2 c5 7. d5 exd5 8. Nh4
Nc6 9. cxd5 Nb4 10. Qd1 Bxd5 11. Bxd5 Nbxd5 12. e4 Nc7 13. e5 Nfd5 14. Nf5 Nb4
15. Nc3 g6 16. Ne4 Be7 17. Nfd6+ Kf8 18. Bh6+ Kg8 19. Qf3 1-0